Catálogo público

Cuaderno estadístico municipal : (Record no. 74698)

MARC details
000 -CABECERA
campo de control de longitud fija 02185cam a22004697a 4500
003 - IDENTIFICADOR DEL NÚMERO DE CONTROL
campo de control CHAP
005 - FECHA Y HORA DE LA ÚLTIMA TRANSACCIÓN
campo de control 20220329141837.0
008 - DATOS DE LONGITUD FIJA--INFORMACIÓN GENERAL
campo de control de longitud fija 971204d1996 mx b rs o00010 spa d
010 ## - NÚMERO DE CONTROL DE LA BIBLIOTECA DEL CONGRESO
Número de control de LC 74698
011 ## - ENLACE DEL NUMERO DE CONTROL DE LA BIBLIOTECA DEL CONGRESO [OBSOLETO]
Número de control de LC 75670
020 ## - NÚMERO INTERNACIONAL ESTÁNDAR DEL LIBRO
Número Internacional Estándar del Libro 970-13-1462-X
020 ## - NÚMERO INTERNACIONAL ESTÁNDAR DEL LIBRO
Número Internacional Estándar del Libro 970-13-1463-8
020 ## - NÚMERO INTERNACIONAL ESTÁNDAR DEL LIBRO
Número Internacional Estándar del Libro 9701314654
035 ## - NÚMERO DE CONTROL DEL SISTEMA
Número de control de sistema 85238
040 ## - FUENTE DE LA CATALOGACIÓN
Centro/agencia transcriptor CHAP
082 04 - NÚMERO DE LA CLASIFICACIÓN DECIMAL DEWEY
Número de clasificación 338.972
Número de documento/Ítem I59 1996 Chis.
110 2# - ENTRADA PRINCIPAL--NOMBRE DE ENTIDAD CORPORATIVA
Nombre de entidad corporativa o nombre de jurisdicción como elemento de entrada Instituto Nacional de Estadística, Geografía e Informática. México
9 (RLIN) 59304
245 10 - MENCIÓN DE TÍTULO
Título Cuaderno estadístico municipal :
Resto del título Chiapas
Mención de responsabilidad, etc. /por Instituto Nacional de Estadística, Geografía e Informática
260 0# - PUBLICACIÓN, DISTRIBUCIÓN, ETC.
Lugar de publicación, distribución, etc. Aguascalientes, Ags. :
Nombre del editor, distribuidor, etc. Instituto Nacional de Estadística, Geografía e Informática,
Fecha de publicación, distribución, etc. 1996-199
300 ## - DESCRIPCIÓN FÍSICA
Extensión v. :
Otras características físicas gráfs. ; mapas
500 ## - NOTA GENERAL
Nota general c. de Cuaderno de información básica para la planeación municipal
500 ## - NOTA GENERAL
Nota general La biblioteca tiene: v.1 Comitán de Domínguez -- v.2 Reforma -- v.3 San Cristobal de las Casas
590 ## - NOTA LOCAL (RLIN)
Nota local BATCH-UPD
Procedencia (VM) [OBSOLETO] 10
Condición del los carretes individuales (VM) [OBSOLETO] 20130110
-- UCH01
-- 1508
590 ## - NOTA LOCAL (RLIN)
Nota local BATCH-UPD
Procedencia (VM) [OBSOLETO] 10
Condición del los carretes individuales (VM) [OBSOLETO] 20130410
-- UCH01
-- 0926
590 ## - NOTA LOCAL (RLIN)
Nota local BATCH-UPD
Procedencia (VM) [OBSOLETO] 10
Condición del los carretes individuales (VM) [OBSOLETO] 20130914
-- UCH01
-- 0921
590 ## - NOTA LOCAL (RLIN)
Nota local BATCH-UPD
Procedencia (VM) [OBSOLETO] 10
Condición del los carretes individuales (VM) [OBSOLETO] 20180802
-- UCH01
-- 0851
590 ## - NOTA LOCAL (RLIN)
Nota local CONVERSION
Procedencia (VM) [OBSOLETO] 10
Condición del los carretes individuales (VM) [OBSOLETO] 20130109
-- UCH01
-- 1341
650 14 - PUNTO DE ACCESO ADICIONAL DE MATERIA--TÉRMINO DE MATERIA
Término de materia o nombre geográfico como elemento de entrada Agricultura
Subdivisión general Estadisticas
Subdivisión geográfica Chiapas.
9 (RLIN) 1448
650 14 - PUNTO DE ACCESO ADICIONAL DE MATERIA--TÉRMINO DE MATERIA
Término de materia o nombre geográfico como elemento de entrada Chiapas
Subdivisión general Condiciones sociales.
9 (RLIN) 22227
650 14 - PUNTO DE ACCESO ADICIONAL DE MATERIA--TÉRMINO DE MATERIA
Término de materia o nombre geográfico como elemento de entrada Chiapas
Subdivisión general Estadísticas.
9 (RLIN) 22233
650 14 - PUNTO DE ACCESO ADICIONAL DE MATERIA--TÉRMINO DE MATERIA
Término de materia o nombre geográfico como elemento de entrada Ganadería
Subdivisión general Estadísticas
Subdivisión geográfica Chiapas.
9 (RLIN) 44707
651 14 - PUNTO DE ACCESO ADICIONAL DE MATERIA--NOMBRE GEOGRÁFICO
Nombre geográfico Chiapas
Subdivisión general Condiciones económicas.
9 (RLIN) 22225
901 ## - ELEMENTOS DE DATOS A LOCAL LDA (RLIN)
a BK
905 ## - ELEMENTOS DE DATOS E LOCAL, LDE (RLIN)
a Lilia Sánchez G.
942 ## - ELEMENTOS DE PUNTO DE ACCESO ADICIONAL (KOHA)
Tipo de ítem Koha Libro
949 ## - PROCESAMIENTO DE INFORMACIÓN LOCAL (OCLC)
a 338.972 I59 1996 Chis.
b BC
c INEGI
d 333724000684627
e INEGI
f v.2 c.2
h 92717
i 85238
s b
949 ## - PROCESAMIENTO DE INFORMACIÓN LOCAL (OCLC)
a 338.972 I59 1996 Chis.
b BC
c INEGI
d 333724000684635
e INEGI
f v.3 c.2
h 92718
i 85238
s b
949 ## - PROCESAMIENTO DE INFORMACIÓN LOCAL (OCLC)
a 338.972 I59 1996 Chis.
b BC
c INEGI
d 33724000592861
e INEGI
f v. 2
g I. c/e
h 92496
i 85238
s b
t 17.00
949 ## - PROCESAMIENTO DE INFORMACIÓN LOCAL (OCLC)
a 338.972 I59 1996 Chis.
b BC
c INEGI
d 33724000592879
e INEGI
f v. 3
g I. c/e
h 92497
i 85238
s b
t 19.00
949 ## - PROCESAMIENTO DE INFORMACIÓN LOCAL (OCLC)
a 338.972 I59 1996 Chis.
b BC
c INEGI
d 33724000592887
e INEGI
f v.1
g I. c/e
h 92495
i 85238
s b
t 17.00
949 ## - PROCESAMIENTO DE INFORMACIÓN LOCAL (OCLC)
a 338.972 I59 1996 Chis.
b BC
c INEGI
d 33724000684619
e INEGI
f v.1 c.2
h 92716
i 85238
s b
Holdings
Estado de retiro Estado de pérdida Fuente del sistema de clasificación o colocación Estado dañado Restricciones de uso No para préstamo Código de colección Localización permanente Ubicación/localización actual Ubicación en estantería Fecha de adquisición Fuente de adquisición Información codificada de la localización en otra ubicación Total de préstamos Signatura topográfica completa Código de barras Fecha visto por última vez Número de copia Precio válido a partir de Tipo de ítem Koha
    Dewey Decimal Classification   Préstamo interno   Publicaciones INEGI Biblioteca Central Biblioteca Central Planta baja - Colección INEGI 31/12/2019 I. c/e LIBRO   338.972 I59 1996 Chis. 333724000684627 31/12/2019 v.2 c.2 31/12/2019 Libro
    Dewey Decimal Classification   Préstamo interno   Publicaciones INEGI Biblioteca Central Biblioteca Central Planta baja - Colección INEGI 31/12/2019 I. c/e LIBRO   338.972 I59 1996 Chis. 333724000684635 31/12/2019 v.3 c.2 31/12/2019 Libro
    Dewey Decimal Classification   Préstamo interno   Publicaciones INEGI Biblioteca Central Biblioteca Central Planta baja - Colección INEGI 31/12/2019 I. c/e LIBRO   338.972 I59 1996 Chis. 33724000684619 31/12/2019 v.1 c.2 31/12/2019 Libro
    Dewey Decimal Classification   Préstamo interno   Publicaciones INEGI Biblioteca Central Biblioteca Central Planta baja - Colección INEGI 31/12/2019   LIBRO   338.972 I59 1996 Chis. 33724000592861 31/12/2019 v. 2 31/12/2019 Libro
    Dewey Decimal Classification   Préstamo interno   Publicaciones INEGI Biblioteca Central Biblioteca Central Planta baja - Colección INEGI 31/12/2019   LIBRO   338.972 I59 1996 Chis. 33724000592879 31/12/2019 v. 3 31/12/2019 Libro
    Dewey Decimal Classification   Préstamo interno   Publicaciones INEGI Biblioteca Central Biblioteca Central Planta baja - Colección INEGI 31/12/2019   LIBRO   338.972 I59 1996 Chis. 33724000592887 31/12/2019 v.1 31/12/2019 Libro